000 00747nam a22002531 4500
001 26354
003 BD-RjUL
005 20211209051015.0
008 140322s1957 enka 000 0 eng
035 _a(BD-RjUL)26424
035 _a(OCoLC)905189
040 _aDLC
_cNSyU
_dICIU
_dDLC
_dBD-RjUL
_beng
041 1 _aeng
_hfre
082 _a954.7
_bREG 1957
100 0 _aRémy,
_d1904-
_981042
245 1 0 _aGoa, Rome of the Orient :
_cRémy [pseud.] Translated from the French by Lancelot C. Sheppard.
260 _aLondon :
_bA. Baker,
_c1957.
300 _a238 p. :
_bill. ;
_c23 cm.
610 2 0 _aCatholic Church
_zIndia
_zVelha Goa.
_981050
651 0 _aGoa
_xHistory.
_981044
942 _2ddc
_cBK
999 _c26354
_d26354